El entrenamiento autogeno progresivo: una relajación psicoterapeutica
Uloženo v:
| Hlavní autor: | |
|---|---|
| Médium: | Kniha |
| Jazyk: | španělština |
| Vydáno: |
Barcelona
Paido Tribo
1992
|
| Edice: | Colección Pedagogías Corporales
|
| Témata: | |
| Tagy: |
Přidat tag
Žádné tagy, Buďte první, kdo vytvoří štítek k tomuto záznamu!
|
MARC
| LEADER | 00000nam a2200000 a 4500 | ||
|---|---|---|---|
| 001 | UCX7096 | ||
| 003 | CL-VaPUC | ||
| 008 | 931106e19920000SP |||||||||||||||||spa|d | ||
| 082 | 0 | 4 | |a 613.79 |b RAN |2 21 |
| 100 | 0 | |a Ranty, Ives |e author |9 323865 | |
| 245 | 1 | 3 | |a El entrenamiento autogeno progresivo: una relajación psicoterapeutica |
| 300 | |a 312 p | ||
| 942 | |c BK | ||
| 945 | |d 19931106 00:00:00 |a rbrito | ||
| 260 | |a Barcelona |b Paido Tribo |c 1992 | ||
| 650 | 0 | |a Relajación |9 309705 | |
| 650 | 7 | |a PSICOTERAPIA |2 CL-VaPUC |9 323866 | |
| 650 | 0 | |a Salud mental |9 308393 | |
| 583 | |a last modification |c 19931106 00:00:00 |k Rodrigo Vera | ||
| 490 | 0 | |a Colección Pedagogías Corporales | |
| 999 | |c 227009 |d 227007 | ||
| 952 | |0 0 |1 0 |4 0 |6 613_790000000000000_RAN_1992 |7 0 |8 A |9 225759 |a BIBEDU |b BIBEDU |d 2019-11-15 |i 2943743 |o 613.79 RAN 1992 |p 2943743 |r 2019-11-15 |w 2019-11-15 |y BK |k EFI | ||
| 952 | |0 0 |1 0 |4 0 |6 613_790000000000000_RAN_1992 |7 0 |8 A |9 225760 |a BIBEDU |b BIBEDU |d 2019-11-15 |i 3222047 |o 613.79 RAN 1992 |p 3222047 |r 2019-11-15 |w 2019-11-15 |y BK |k EFI | ||